Zwierzę, które ma skrzydła, ale nie lata. - Statystyki

Ogólne statystyki
  • Ten quiz został rozwiązany 23 razy
  • Średni wynik to 4 z 5
Statystyki odpowiedzi
Hint Odpowiedź % Poprawnych
2. struś
95%
4. kura
91%
5. emu
77%
1. pingwin
64%
3. kiwi
36%
Nie znaleziono quizów pasujących do podanych kryteriów
Rozkład punktacji
Procent ludzi z każdym wynikiem
Percentyl według liczby udzielonych odpowiedzi
Twoja historia wyników
Nie rozwiązałeś tego quizu